| 000 | 00785nam a2200229Ia 4500 | ||
|---|---|---|---|
| 003 | OSt | ||
| 005 | 20220927105742.0 | ||
| 006 | a|||||r|||| 00| 0 | ||
| 007 | ta | ||
| 008 | 220926b |||||||| |||| 00| 0 eng d | ||
| 024 | _a203221 | ||
| 037 | _cReference Collections | ||
| 040 |
_aRTL _cRTL _beng |
||
| 041 |
_2eng _aeng |
||
| 082 | _a"X:8E, Q2/UN" | ||
| 100 |
_aUNITED NATIONS ENTITY FOR GENDER EQUALITY AND THE EMPOWERMENT OF WOMEN _9374739 |
||
| 245 | 0 | _aPractitioner's guide to gender responsive planning and implementation. | |
| 260 |
_aNew _b"Delhi, UN Womens office, " _c2012 |
||
| 300 |
_a"xiii,90p." _ccm. |
||
| 942 |
_h"X:8E, Q2/UN" _cCC |
||
| 999 |
_c694396 _d694396 |
||